000 00584nam a2200193Ia 4500
005 20250508165747.0
008 008 250505s9999 xx 000 0 eng d
037 _aTextual
040 _aFEDL
_beng
_cFEDL
041 _aeng
_2eng
084 _a370, RRC
_qFEDL
245 0 _aRrcee putting children and teachers first: RRCEE programmes and activities 2007-2016
245 0 _cRegional Resource Centre for Elementary Education
260 _c2016
300 _a33p.
546 _aGifted by Prof. Poonam Batra
942 _cTEXL
_h370, RRC
999 _c1397313
_d1397313